<?xml version="1.0" encoding="UTF-8"?>
<record
    xmlns:xsi="http://www.w3.org/2001/XMLSchema-instance"
    xsi:schemaLocation="http://www.loc.gov/MARC21/slim http://www.loc.gov/standards/marcxml/schema/MARC21slim.xsd"
    xmlns="http://www.loc.gov/MARC21/slim">

  <leader>02115nam a22001577a 4500</leader>
  <controlfield tag="008">150715b        xxu||||| |||| 00| 0 eng d</controlfield>
  <datafield tag="020" ind1=" " ind2=" ">
    <subfield code="a">0415278139</subfield>
  </datafield>
  <datafield tag="050" ind1=" " ind2=" ">
    <subfield code="a">NC997.B28</subfield>
  </datafield>
  <datafield tag="100" ind1=" " ind2=" ">
    <subfield code="a">BARNARD, Malcolm.</subfield>
  </datafield>
  <datafield tag="245" ind1=" " ind2=" ">
    <subfield code="a">Graphic design as communication. /</subfield>
    <subfield code="c">Malcolm Barnard.</subfield>
  </datafield>
  <datafield tag="260" ind1=" " ind2=" ">
    <subfield code="a">London :</subfield>
    <subfield code="b">Routledge,</subfield>
    <subfield code="c">2005.</subfield>
  </datafield>
  <datafield tag="300" ind1=" " ind2=" ">
    <subfield code="a">xi, 196p. :</subfield>
    <subfield code="c">25cm.</subfield>
  </datafield>
  <datafield tag="500" ind1=" " ind2=" ">
    <subfield code="a">Includes index.</subfield>
  </datafield>
  <datafield tag="505" ind1=" " ind2=" ">
    <subfield code="a">Contents: Introduction: Introduction -- Who is this book for? -- What is this book about? -- Chapter outlines -- Graphic design and communication: Introduction -- What is graphic design? -- The function of graphic design: Information -- Persuasion -- Decoration -- Magic -- Metalinguistic and phatic functions -- What is communication? -- Communication theory -- Semiology: Signs and codes -- Conclusion -- Further reading -- Meaning: Words and images: Introduction -- Types of signs -- Meaning: Denotation and connotation -- Meaning: Layout -- Meaning: Anchorage and relay -- Foucault and graphic design -- Metaphor/metonymy/synecdoche -- Conclusion -- Further reading -- Social, cultural and economic functions: Introduction -- The relation to society and culture -- Society -- Social functions -- Culture -- Cultural functions: Childhood -- Gender -- The relation to economics: Consumption -- Anti-consumption -- Conclusion -- Further reading -- Audiences and markets: Introduction -- Target practice -- Ethnicity/race -- Age -- Gender -- Conclusion -- Further reading -- Modernism: Introduction -- What is modernism? -- Modernism and graphic design -- European modernism -- American modernism -- Conclusion -- Further reading -- Postmodernism and globalisation: Introduction -- What is postmodernism? -- Postmodernism and graphic design -- What is globalisation? -- Globalisation and graphic design -- Conclusion -- Further reading -- Graphic design and art: Introduction -- Art, graphic design and meaning -- The artist and the designer -- Cultural significance -- Expression and individuality -- Creativity and problem-solving -- Function -- Aura -- Conclusion -- Further reading -- Conclusion.</subfield>
  </datafield>
  <datafield tag="942" ind1=" " ind2=" ">
    <subfield code="2">lcc</subfield>
    <subfield code="c">BK</subfield>
  </datafield>
  <datafield tag="999" ind1=" " ind2=" ">
    <subfield code="c">5634</subfield>
    <subfield code="d">13134</subfield>
  </datafield>
  <datafield tag="952" ind1=" " ind2=" ">
    <subfield code="0">0</subfield>
    <subfield code="1">0</subfield>
    <subfield code="2">lcc</subfield>
    <subfield code="4">0</subfield>
    <subfield code="7">0</subfield>
    <subfield code="a">WIUC-1</subfield>
    <subfield code="b">WIUC-1</subfield>
    <subfield code="c">REF</subfield>
    <subfield code="d">2015-07-15</subfield>
    <subfield code="l">0</subfield>
    <subfield code="o">NC997.B28</subfield>
    <subfield code="p">8026/453/15</subfield>
    <subfield code="r">2015-07-15 00:00:00</subfield>
    <subfield code="w">2015-07-15</subfield>
    <subfield code="y">BK</subfield>
  </datafield>
</record>
